|
|
|
|
| LEADER |
00000nam0a2200000 4500 |
| 001 |
359975 |
| 005 |
20250211063212.0 |
| 035 |
|
|
|a (RuTPU)RU\TPU\retro\17282
|
| 035 |
|
|
|a RU\TPU\retro\17279
|
| 090 |
|
|
|a 359975
|
| 100 |
|
|
|a 20210216c1963 k a0rusy5003 ca
|
| 101 |
0 |
|
|a rus
|
| 102 |
|
|
|a RU
|
| 105 |
|
|
|a y z 001zy
|
| 200 |
1 |
|
|a Проблемы центротехники
|e [тематический сборник]
|f Московский энергетический институт ; под ред. Ф. Е. Темникова
|
| 210 |
|
|
|a Москва
|c Изд-во МЭИ
|d 1963
|
| 215 |
|
|
|a 214 с.
|c табл., ил.
|
| 225 |
1 |
|
|a Труды Московского энергетического института (МЭИ)
|v Вып. 52
|
| 320 |
|
|
|a Библиогр. в конце ст.
|
| 500 |
1 |
0 |
|a Труды Московского энергетического института
|9 88841
|
| 606 |
1 |
|
|a Автоматическое управление
|x Схемы
|2 stltpush
|3 (RuTPU)RU\TPU\subj\949
|9 29754
|
| 606 |
1 |
|
|a Технические системы сложные
|x Эксплуатация
|2 stltpush
|3 (RuTPU)RU\TPU\subj\60103
|9 77593
|
| 610 |
1 |
|
|a дискретные отсчеты
|
| 610 |
1 |
|
|a отсчетные устройства
|
| 610 |
1 |
|
|a адаптационная способность
|
| 610 |
1 |
|
|a непрерывные сигналы
|
| 610 |
1 |
|
|a дискретизация
|
| 610 |
1 |
|
|a производственные процессы
|
| 610 |
1 |
|
|a мультиплицированная пневматическая развертка
|
| 610 |
1 |
|
|a логические схемы
|
| 610 |
1 |
|
|a надежность
|
| 610 |
1 |
|
|a адаптивность
|
| 610 |
1 |
|
|a централизованный контроль
|
| 610 |
1 |
|
|a оборудование
|
| 610 |
1 |
|
|a централизованное управление
|
| 610 |
1 |
|
|a измерительные блоки
|
| 610 |
1 |
|
|a функциональные преобразования
|
| 610 |
1 |
|
|a пилообразное напряжение
|
| 610 |
1 |
|
|a многоканальная телеметрия
|
| 610 |
1 |
|
|a контрольно-управляющие центры
|
| 610 |
1 |
|
|a Центротехника
|
| 675 |
|
|
|a 681.51.004
|v 3
|
| 702 |
|
1 |
|a Темников
|b Ф. Е.
|4 340
|
| 712 |
0 |
2 |
|a Московский энергетический институт
|c (1930-1992)
|3 (RuTPU)RU\TPU\col\20092
|9 27693
|
| 801 |
|
0 |
|a RU
|b 63413507
|c 19950704
|g psbo
|
| 801 |
|
1 |
|a RU
|b 63413507
|c 20060118
|g PSBO
|
| 801 |
|
2 |
|a RU
|b 63413507
|c 20220207
|g PSBO
|
| 942 |
|
|
|c BK
|